000 01655nam0a22003251 4500
001 v19\rc\1905755
005 20251118180534.6
035 _a(NLR Aleph) 004994831
090 _a6324485
_c6324485
100 _a20080404d1911 u y0rusy50 ca
101 0 _arus
102 _aRU
105 _ay z |||||
200 1 _aПротоколы заседаний 138 Общего тарифного съезда представителей русских железных дорог. С.-Петербург, 14-18, 20 и 21 дек. 1910 г.
210 _aСанкт-Петербург
_d1911
215 _a[2], XIV, VI, 733 с.
_d28
300 _aЗагл. Протоколов Съездов 2-9: Общий съезд представителей русских ж. д. по тарифным вопросам
517 0 _aОбщий съезд представителей русских ж. д. по тарифным вопросам
532 1 1 _aПротоколы заседаний сто тридцать восьмого Общего тарифного съезда представителей русских железных дорог. С.-Петербург, 14-18, 20 и 21 дек. 1910 г.
710 1 2 _aОбщий тарифный съезд представителей русских ж. д.
_d138
_f1910
_eПетербург
801 0 _aRU
_bNLR
_gpsbo
801 0 _aRU
_bRuMoRGB
_2psbo
801 1 _aRU
_bProSoft-M
_2rusmarc
852 _aNLR
_j38.59.4.2
899 _aRuMoRGB
_jV 69/3
_y(1-207)
899 _aRuMoRGB
_jV 69/234
_y(1-207)
899 _aRuMoRGB
_jO 41/20
_y(1-207)
899 _aБАН
_y(19-204)
942 _cBOOK
980 _aNB